[Event "OEBRO 85th Anniversary GM 2021"]
[Site "Copenhagen"]
[Date "2021.10.22"]
[Round "7.4"]
[White "Yankelevich, Lev"]
[Black "Ramsdal, Jens Albert"]
[Result "1-0"]
[WhiteElo "2432"]
[BlackElo "2261"]
[Annotator "TA"]
[PlyCount "99"]
[EventDate "2021.10.18"]
[EventType "swiss"]
[EventCountry "DEN"]
[SourceTitle "playchess.com"]
[Source "ChessBase"]
[SourceQuality "1"]

{[%evp 9,98,-8,-9,0,8,0,33,30,44,44,62,31,53,53,50,58,41,36,54,38,33,15,28,27,39,-10,-18,-5,0,-2,-3,-16,-4,-13,0,0,31,25,38,31,27,37,21,28,40,41,114,111,224,148,178,222,201,135,125,80,96,78,81,79,214,210,210,207,185,205,209,207,196,189,262,262,352,352,327,343,639,636,1100,1073,29992,29993,29994,29994,29995,29996,29996,29997,29997,29998,29999]} 1. Nf3 Nf6 2. g3 e6 3. Bg2 d5 4. O-O Be7 5. d3 O-O 6. Bf4 {A07: Réti Opening: New York and Capablanca Systems.} Nbd7 7. Nc3 {[%cal Bb1c3,Bc3d1,Bd1e3][%mdl 32]} c6 8. e4 {[#] White is slightly better.} Nh5 $146 ({Predecessor:} 8... b6 9. exd5 Nxd5 10. Ne5 Nxc3 11. bxc3 Nxe5 12. Bxe5 Bb7 13. c4 Bf6 14. Qe2 Qe7 15. a4 Bxe5 16. Qxe5 f6 17. Qe3 Rfe8 18. a5 {½-½ (18) Razdrogin,S (1836)-Belorechensky,B Astrakhan 2012}) 9. Bd2 g6 10. Qe2 b5 11. Rfe1 b4 12. Nd1 a5 13. e5 c5 14. h4 Ng7 15. Bg5 Ba6 16. Ne3 h5 17. Qd2 Bxg5 18. hxg5 Qc7 19. g4 d4 ({But not} 19... Nxe5 $2 20. Nxe5 Qxe5 21. Nxd5 $1 $18 {[%mdl 512]}) 20. Nc4 Bxc4 21. dxc4 hxg4 22. Nh2 Nxe5 {aiming for ...g3.} (22... g3 {with more complications.} 23. fxg3 Rad8 24. Ng4 Nf5 25. Qf4 Kg7) 23. Bxa8 Rxa8 24. Qe2 $1 {[%csl LRe5,LRg4][%mdl 64] Double Attack} Nf3+ 25. Nxf3 gxf3 26. Qxf3 Rb8 27. Kg2 Nf5 (27... Nh5 $14) 28. Rh1 $16 Qb7 (28... Kg7 $16) 29. Rh3 $18 Ng7 30. Qxb7 Rxb7 {[%mdl 4096] Endgame KRR-KRN} 31. Re1 Nh5 {With the idea ...Nf4+.} 32. Rhh1 Kf8 33. Re5 Rc7 34. a3 d3 {A mistake that costs the game.} (34... Ke7 $16) 35. cxd3 ({Stronger than} 35. axb4 dxc2 36. b5 (36. bxc5 $2 Nf4+ 37. Kf3 Nd3 $19 {[%mdl 64] Double Attack}) 36... Nf4+ 37. Kf3 Nd3 $11) 35... Nf4+ 36. Kf3 Nxd3 37. Re2 Rd7 {[#]} 38. Rh8+ $1 Ke7 39. Ra8 Rd4 (39... f5 $142 40. gxf6+ (40. Rxa5 bxa3 41. Rxa3 e5 $18) 40... Kxf6 41. Rxa5 bxa3) 40. Rxa5 Rxc4 41. Ra7+ Kf8 42. Rd7 Nc1 (42... Rf4+ 43. Ke3 c4) 43. Re4 Rc2 44. Rf4 Rxb2 45. Rfxf7+ {White mates.} Ke8 46. Rde7+ Kd8 47. Ra7 {[%cal Rf7f8]} Ke8 48. Rh7 {[%cal Rh7h8]} Rb3+ 49. Kg2 {[%cal Rh7h8]} Rxa3 50. Rh8# {Weighted Error Value: White=0.05/Black=0.38} 1-0

[Event "OEBRO 85th Anniversary GM 2021"]
[Site "Copenhagen"]
[Date "2021.10.22"]
[Round "7.5"]
[White "Korley, Kassa"]
[Black "Brynell, Stellan"]
[Result "0-1"]
[WhiteElo "2407"]
[BlackElo "2431"]
[Annotator "TA"]
[PlyCount "58"]
[EventDate "2021.10.18"]
[EventType "swiss"]
[EventCountry "DEN"]
[SourceTitle "playchess.com"]
[Source "ChessBase"]
[SourceQuality "1"]

{[%evp 9,58,48,37,31,37,35,70,67,85,65,61,54,47,60,69,41,67,35,69,79,69,70,70,41,41,44,53,7,16,16,32,-61,-69,-161,-176,-211,-205,-202,-183,-225,-211,-265,-193,-711,-687,-29968,-29969,-29987,-110,-29984,-29985]} 1. d4 d5 2. c4 e5 3. dxe5 Ne7 4. Nf3 Nbc6 5. g3 dxc4 6. Qxd8+ {D08: Albin Counter Gambit.} Nxd8 {[#]} 7. Na3 $146 ({Predecessor:} 7. Bg2 Ndc6 8. Nc3 Be6 9. Ng5 O-O-O 10. Nxe6 fxe6 11. Bf4 Nd5 12. Nxd5 exd5 13. O-O-O {1-0 (26) Moroni,L (2558)-Mazur,S (2416) Chess.com INT 2021}) 7... Be6 8. Nb5 {White is slightly better.} Kd7 9. Ng5 Nd5 10. Bd2 c6 11. Nd4 Bc5 12. Ndxe6 (12. e3 {keeps more tension.} Bxd4 13. exd4 Bf5 14. Bxc4 f6 15. Nf3) 12... Nxe6 13. Nxe6 fxe6 14. e4 Nb6 15. O-O-O Ke7 16. Bh3 h6 17. f4 Rad8 18. f5 Bd4 19. Bb4+ c5 20. Rxd4 cxb4 $15 21. Rxd8 (21. Rdd1 $15) 21... Rxd8 $19 22. fxe6 $14 {[%mdl 4096] Endgame [#] KRB-KRN} Na4 $1 23. Rf1 {Black must now prevent Rf7+.} Rf8 {[%mdl 1024] Black has strong compensation.} 24. Rd1 {Rd7+ is the strong threat.} Nc5 {[%csl LRe4,LRe6]} 25. Rd4 b3 26. a4 (26. Kb1 Rf2 27. Rxc4 Rxh2 28. axb3) 26... Rf2 $19 27. Rxc4 Nd3+ {[%mdl 64] [#] Double Attack} 28. Kb1 Rxb2+ 29. Ka1 Rc2 {Weighted Error Value: White=0.73/Black=0.28} 0-1

[Event "OEBRO 85th Anniversary GM 2021"]
[Site "Copenhagen"]
[Date "2021.10.22"]
[Round "7.6"]
[White "Siddharth, Jagadeesh"]
[Black "Porte, Henrik"]
[Result "1-0"]
[WhiteElo "2336"]
[BlackElo "2170"]
[Annotator "TA"]
[PlyCount "69"]
[EventDate "2021.10.18"]
[EventType "swiss"]
[EventCountry "DEN"]
[SourceTitle "playchess.com"]
[Source "ChessBase"]
[SourceQuality "1"]

{[%evp 16,69,35,33,60,47,47,42,83,38,64,50,64,65,49,33,70,68,74,71,71,72,68,76,72,81,77,62,66,77,82,30,143,52,61,63,74,68,67,65,194,201,180,207,201,175,334,328,397,396,381,371,382,382,29998,29999]} 1. d4 d5 2. c4 e6 3. Nf3 c5 4. cxd5 exd5 5. g3 Nc6 6. Bg2 Nf6 7. O-O Be7 8. dxc5 Bxc5 9. a3 a6 {D30: Queen's Gambit Declined: Systems without Nc3.} 10. b4 Be7 11. Nc3 {[%cal Bb1c3,Bc3a4,Ba4c5][%mdl 32]} Be6 {[#] White is slightly better.} 12. Be3 $146 ({Predecessor:} 12. Bb2 O-O 13. Nd4 Qd6 14. Na4 Nd7 15. Rc1 Nxd4 16. Bxd4 Rac8 17. Rxc8 Rxc8 18. Nc5 Nxc5 19. Bxc5 Qd7 20. Bxe7 Qxe7 21. Bxd5 {1-0 (54) Timerkhanov,A (2367)-Evtukhov,L (1613) Kirov 2018}) 12... Ng4 13. Bf4 O-O 14. Rc1 Rc8 15. Na4 Bd6 16. Bxd6 Qxd6 17. Nc5 Qe7 18. Nd4 Nxd4 19. Qxd4 Nf6 20. Rc3 Rc6 21. Rfc1 Rfc8 22. e3 h5 23. Bf3 ({White should play} 23. a4 $16) 23... g6 {[#]} (23... Bg4 $11 24. Bg2 (24. Bxd5 Nxd5 25. Qxd5 b6 $11) 24... Bf5) 24. Qe5 (24. Nxb7 $1 $16 {[%mdl 512]} Rxc3 25. Rxc3) 24... Nd7 25. Nxd7 Qxd7 {[#]} 26. Rxc6 $1 Rxc6 27. Rd1 Bg4 {This move loses the game for Black.} ({Better is} 27... Qd6 $14 28. Qd4 b5) 28. Bxg4 $18 Qxg4 29. Rxd5 {[%mdl 4096] Endgame Intending Rd8+ and mate. KQR-KQR} Rc8 30. Kg2 b6 $2 (30... Qc4 {is a better defense.} 31. Rd6 Kh7) 31. Rd6 h4 {( -> ...h3+)} 32. h3 Qc4 33. g4 Qc7 34. Qd5 Rf8 $2 (34... Kh8 $18 35. Qd4+ Kh7 36. Qxb6 Qe7) 35. Rxg6+ {Weighted Error Value: White=0.08/Black=0.62} 1-0

[Event "OEBRO 85th Anniversary GM 2021"]
[Site "Copenhagen"]
[Date "2021.10.22"]
[Round "7.7"]
[White "Brondt, Nicolai Kvist"]
[Black "Larsen, Karsten"]
[Result "1/2-1/2"]
[WhiteElo "2217"]
[BlackElo "2252"]
[Annotator "TA"]
[PlyCount "118"]
[EventDate "2021.10.18"]
[EventType "swiss"]
[EventCountry "DEN"]
[SourceTitle "playchess.com"]
[Source "ChessBase"]
[SourceQuality "1"]

{[%evp 15,118,11,17,23,22,20,35,31,31,30,46,40,46,50,67,32,25,24,51,36,66,63,75,70,70,0,68,54,60,46,69,55,163,48,49,50,67,48,41,49,54,37,27,31,27,38,67,4,10,-183,-162,-181,-165,-254,-247,-246,237,95,57,0,0,-12,-10,-14,-18,-111,-107,-112,-82,-98,-38,-52,-10,-10,-10,-10,-10,-10,-10,-11,-18,-96,0,0,0,-96,-96,-96,0,0,0,-96,0,0,0,0,0,0,0,0,0,0,0,0,0]} 1. d4 Nf6 2. c4 e6 3. Nc3 Bb4 4. e3 O-O 5. Bd3 d5 6. Nge2 dxc4 7. Bxc4 e5 8. O-O Nc6 9. d5 {E48: Nimzo-Indian: Rubinstein: 5 Bd3 d5 including 6 Ne2, but excluding 6 a3.} Ne7 10. a3 Bd6 11. Qc2 {[#] White is slightly better.} a6 $146 ({Predecessor:} 11... Bd7 12. Ng3 Rc8 13. Bd3 c6 14. dxc6 Bxc6 15. Rd1 Ned5 16. Bd2 g6 17. Nge4 Bb8 {0-1 (48) Glembek,B (2163)-Zundel,W (2274) ICCF email 2007}) 12. Ng3 Ng6 13. Rd1 Re8 14. Bd3 Bd7 15. Nge4 Nxe4 16. Nxe4 Bf8 17. Bd2 b6 18. Ng3 a5 19. Rac1 Bd6 20. Bf5 (20. Ne4 $14) 20... Bb5 (20... Bxf5 $11 21. Nxf5 (21. Qxf5 e4 $11) 21... e4) 21. Qb3 Ba6 22. Ne4 Bf8 23. Be1 Ne7 {[#]} (23... Nh4 $14 24. Bh3 Bc8) 24. Bh3 ({White must play} 24. Bxh7+ $1 $18 {[%mdl 512]} Kxh7 25. d6) 24... Nc8 $14 25. Qc2 Ra7 26. Qa4 Nd6 27. Nxd6 Bxd6 28. Bd7 Re7 29. Bc6 e4 30. Bc3 f5 31. Qc2 (31. b4 $14) 31... Rf7 $11 32. f4 $2 (32. g3 $11) 32... exf3 $1 $19 {Strongly threatening ...Be2.} 33. gxf3 Qg5+ {[%mdl 64] Double Attack} 34. Qg2 (34. Kh1 $142 Qxe3 35. Re1 Qxf3+ 36. Qg2 Qxg2+ 37. Kxg2) 34... Qxe3+ 35. Kh1 h6 $4 {[%mdl 8192]} (35... Be2 $1 $19 {[%cal Re2f3] and all is fine.} 36. Rf1 Bxf1 37. Rxf1 Qh6) 36. Re1 (36. Rg1 $1 $18 {is the precise move to win.} Qe2 37. Qh3) 36... Qg5 $16 37. Qxg5 (37. Qh3 $1 $14 Bc5 38. Rcd1) 37... hxg5 $11 38. Bd4 Bb7 39. Re8+ Rf8 {...Rxe8 is the strong threat.} 40. Rce1 (40. Re6 $11 {keeps the balance.}) 40... Bxc6 $17 41. dxc6 Ra8 42. R8e6 Bf4 (42... Kf7 $17 {And now ...Rh8 would win.} 43. Bxb6 Rfc8) 43. Be5 $15 Rae8 (43... a4 {is interesting.} 44. Bxf4 gxf4 45. Kg1 Rac8 46. Re7 Rf6) 44. Bxf4 Rxe6 45. Rxe6 gxf4 $11 {[%mdl 4096] Endgame KR-KR} 46. Re7 Rf7 47. Re8+ Kh7 {aiming for ...Rf6.} 48. Re6 {[#]} (48. b4 $1 $11) 48... Kg8 (48... a4 $1 $17 49. Kg2 g6) 49. Re8+ Kh7 ({Black should try} 49... Rf8 $11 50. Re7 Rf7 51. Re8+) 50. Re6 $17 {[#]} a4 $1 51. Kg2 Kg8 (51... g6 $17 52. h4 Kh6) 52. Re8+ $11 Kh7 (52... Rf8 $11 53. Re7 Rf7) 53. Re6 $17 Rf6 (53... g6 $17 54. h4 Kh6) 54. Rxf6 $11 {The position is equal.} gxf6 {KP-KP} 55. Kf2 Kg6 56. Ke2 Kh5 57. Ke1 Kg6 58. Kd2 Kh5 {Hoping for ...Kh4.} 59. Ke1 Kh4 {Weighted Error Value: White=0.25/Black=0.26} 1/2-1/2

[Event "OEBRO 85th Anniversary GM 2021"]
[Site "Copenhagen"]
[Date "2021.10.22"]
[Round "7.8"]
[White "Nielsen, Viktor Haarmark"]
[Black "Simonsen, Carsten"]
[Result "1/2-1/2"]
[WhiteElo "2296"]
[BlackElo "2218"]
[Annotator "TA"]
[PlyCount "69"]
[EventDate "2021.10.18"]
[EventType "swiss"]
[EventCountry "DEN"]
[SourceTitle "playchess.com"]
[Source "ChessBase"]
[SourceQuality "1"]

{[%evp 9,69,14,15,16,19,18,23,25,22,7,11,14,16,0,0,2,3,-3,-11,-9,20,-4,27,27,25,29,34,22,62,55,60,39,35,0,12,0,0,0,60,-14,-8,-24,0,-31,12,15,19,23,19,0,0,0,0,0,0,0,0,0,0,0,0,-12]} 1. e4 e5 2. Nf3 Nc6 3. Bb5 Nf6 4. d3 Bc5 5. Bxc6 dxc6 6. O-O {C65: Ruy Lopez: Berlin Defence (3...Nf6), unusual lines and 4 0-0 Bc5.} Qe7 7. Nbd2 O-O 8. Nc4 {White has an edge.} Nd7 9. Bd2 Re8 {[#]} 10. a4 $146 ({Predecessor:} 10. a3 Bd6 11. Bc3 f6 12. Re1 Qf7 13. Nxd6 cxd6 14. d4 Nb6 15. a4 Bg4 16. dxe5 dxe5 17. Nxe5 Bxd1 18. Nxf7 Kxf7 19. Raxd1 Nxa4 {½-½ (27) Naroditsky,D (2531)-Ma,Z (2412) Al Ain 2013}) 10... a6 11. b3 f6 12. Nh4 Nf8 13. Kh1 Ne6 14. g3 Bd4 15. Ra2 (15. Nf5 $5 {[%cal Rf5e7]} Qd7 16. Nxd4 Nxd4 17. f4 $11) 15... Bd7 16. f4 exf4 17. gxf4 b5 18. Ne3 Bxe3 19. Bxe3 c5 20. Nf5 Qf7 21. c4 {next Rg1 is good for White.} Nd4 22. Bxd4 cxd4 23. Nxd4 Bh3 (23... bxc4 $11 24. bxc4 Rad8) 24. Re1 ({White should try} 24. Rg1 $14) 24... Qd7 $11 25. Nf3 bxa4 26. bxa4 (26. f5 {keeps more tension.} Bg4 27. Rxa4 Qd6 28. Kg2 Qf4 29. h3) 26... Qg4 27. Ng1 Qxd1 28. Rxd1 Bg4 29. Rb1 {The position is equal.} Rad8 30. Ra3 Rd4 31. f5 Red8 32. Rbb3 g6 33. fxg6 hxg6 34. Kg2 f5 35. exf5 {Weighted Error Value: White=0.11/Black=0.09} 1/2-1/2

[Event "OEBRO 85th Anniversary GM 2021"]
[Site "Copenhagen"]
[Date "2021.10.23"]
[Round "8.1"]
[White "Kistrup, Nicolai"]
[Black "Hamitevici, Vladimir"]
[Result "0-1"]
[WhiteElo "2249"]
[BlackElo "2465"]
[Annotator "ChessBase"]
[PlyCount "120"]
[EventDate "2021.10.18"]
[EventType "swiss"]
[EventCountry "DEN"]
[SourceTitle "playchess.com"]
[Source "ChessBase"]
[SourceQuality "1"]
[TimeControl "40/5400+30:900+30"]

1. d4 {[%emt 0:00:02]} Nf6 {[%emt 0:07:54]} 2. c4 {[%emt 0:00:02]} b6 {[%emt 0:00:48]} 3. Nc3 {[%emt 0:00:24]} Bb7 {[%emt 0:00:06]} 4. Qc2 {[%emt 0:00:37]} d5 {[%emt 0:00:15]} 5. cxd5 {[%emt 0:00:53]} Nxd5 {[%emt 0:00:07]} 6. e4 {[%emt 0:01:59]} Nxc3 {[%emt 0:02:53]} 7. bxc3 {[%emt 0:00:10]} e6 {[%emt 0:00:09]} 8. Nf3 {[%emt 0:16:30]} Be7 {[%emt 0:02:52]} 9. Bb5+ {[%emt 0:06:29]} c6 {[%emt 0:07:29]} 10. Bd3 {[%emt 0:01:10]} c5 {[%emt 0:00:19]} 11. O-O {[%emt 0:01:57]} cxd4 {[%emt 0:00:27]} 12. cxd4 {[%emt 0:04:32]} O-O {[%emt 0:00:12]} 13. Bb2 {[%emt 0:09:35]} Nc6 {[%emt 0:00:22]} 14. d5 {[%emt 0:13:56]} Nb4 {[%emt 0:02:51]} 15. Qc3 {[%emt 0:00:57]} f6 {[%emt 0:00:22]} 16. Bb1 {[%emt 0:15:23]} exd5 {[%emt 0:12:39]} 17. Rd1 {[%emt 0:10:17]} Qc8 {[%emt 0:01:51]} 18. a3 {[%emt 0:09:16]} Qxc3 {[%emt 0:01:32]} 19. Bxc3 {[%emt 0:00:03]} Na6 {[%emt 0:00:07]} 20. exd5 {[%emt 0:00:12]} Bd6 {[%emt 0:03:18]} 21. Bf5 {[%emt 0:01:32]} Rfd8 {[%emt 0:03:06]} 22. Be6+ {[%emt 0:02:10]} Kf8 {[%emt 0:00:15]} 23. Nh4 {[%emt 0:01:04]} Nc7 {[%emt 0:02:15]} 24. Nf5 {[%emt 0:02:39]} Bc5 {[%emt 0:00:10]} 25. Bb4 {[%emt 0:00:32]} Bxd5 {[%emt 0:01:46]} 26. Bxc5+ {[%emt 0:00:27]} bxc5 {[%emt 0:00:02]} 27. Bxd5 {[%emt 0:00:10]} Rxd5 {[%emt 0:01:48]} 28. Ne3 {[%emt 0:00:38]} Rxd1+ {[%emt 0:01:37]} 29. Rxd1 {[%emt 0:00:06]} Ke8 {[%emt 0:00:27]} 30. Kf1 {[%emt 0:01:14]} Rb8 {[%emt 0:00:37]} 31. Nf5 {[%emt 0:00:22]} g6 {[%emt 0:00:54]} 32. Nd6+ {[%emt 0:00:36]} Ke7 {[%emt 0:00:12]} 33. Ne4 {[%emt 0:00:15]} Ne6 {[%emt 0:00:34]} 34. Rc1 {[%emt 0:00:38]} Rc8 {[%emt 0:02:10]} 35. Rc4 {[%emt 0:00:15]} f5 {[%emt 0:00:19]} 36. Nc3 {[%emt 0:00:15]} Rb8 {[%emt 0:01:27]} 37. Ra4 {[%emt 0:00:32]} Rb7 {[%emt 0:00:07]} 38. Ke2 {[%emt 0:00:43]} Kf6 {[%emt 0:04:01]} 39. Kd3 {[%emt 0:00:54]} h5 {[%emt 0:03:31]} 40. Ra6 {[%emt 0:00:28]} g5 {[%emt 0:05:08]} 41. g3 {[%emt 0:09:00]} Ke5 {[%emt 0:03:02]} 42. Kc4 {[%emt 0:03:50]} Rb2 {[%emt 0:05:48]} 43. f4+ {[%emt 0:02:56]} gxf4 {[%emt 0:00:32]} 44. gxf4+ {[%emt 0:00:08]} Nxf4 {[%emt 0:00:17]} 45. h4 {[%emt 0:00:44]} Rc2 {[%emt 0:09:25]} 46. Kb3 {[%emt 0:00:56]} Rh2 {[%emt 0:01:37]} 47. Rxa7 {[%emt 0:00:09]} Rxh4 {[%emt 0:00:06]} 48. a4 {[%emt 0:00:32]} Nd5 {[%emt 0:01:49]} 49. Nxd5 {[%emt 0:01:12]} Kxd5 {[%emt 0:00:07]} 50. Rf7 {[%emt 0:00:29]} Ke6 {[%emt 0:19:27]} 51. Rc7 {[%emt 0:00:18]} Rb4+ {[%emt 0:01:23]} 52. Ka3 {[%emt 0:00:42]} Rb8 {[%emt 0:03:13]} 53. Rxc5 {[%emt 0:00:25]} Rh8 {[%emt 0:00:07]} 54. Rc1 {[%emt 0:00:42]} f4 {[%emt 0:00:18]} 55. Kb4 {[%emt 0:00:21]} Rb8+ {[%emt 0:01:42]} 56. Ka3 {[%emt 0:00:21]} Kf5 {[%emt 0:00:24]} 57. Rh1 {[%emt 0:00:48]} Kg4 {[%emt 0:00:49]} 58. Rg1+ {[%emt 0:00:28]} Kf3 {[%emt 0:00:13]} 59. Rh1 {[%emt 0:00:10]} Rh8 {[%emt 0:00:11]} 60. a5 {[%emt 0:00:13]} Kg2 {[%emt 0:00:06]} 0-1

[Event "OEBRO 85th Anniversary GM 2021"]
[Site "Copenhagen"]
[Date "2021.10.23"]
[Round "8.2"]
[White "Kozak, Adam"]
[Black "Yankelevich, Lev"]
[Result "1-0"]
[WhiteElo "2516"]
[BlackElo "2432"]
[Annotator "ChessBase"]
[PlyCount "51"]
[EventDate "2021.10.18"]
[EventType "swiss"]
[EventCountry "DEN"]
[SourceTitle "playchess.com"]
[Source "ChessBase"]
[SourceQuality "1"]
[TimeControl "40/5400+30:900+30"]

1. c4 {[%emt 0:00:14]} e6 {[%emt 0:02:51]} 2. Nf3 {[%emt 0:04:04]} d5 {[%emt 0:00:17]} 3. g3 {[%emt 0:00:08]} Nf6 {[%emt 0:00:18]} 4. Bg2 {[%emt 0:00:10]} Be7 {[%emt 0:00:07]} 5. O-O {[%emt 0:00:09]} O-O {[%emt 0:00:05]} 6. d4 {[%emt 0:02:00]} dxc4 {[%emt 0:00:18]} 7. Qc2 {[%emt 0:00:13]} b5 {[%emt 0:01:35]} 8. a4 {[%emt 0:00:29]} Bb7 {[%emt 0:00:45]} 9. axb5 {[%emt 0:02:07]} a6 {[%emt 0:01:23]} 10. Nc3 {[%emt 0:02:08]} axb5 {[%emt 0:00:18]} 11. Rxa8 {[%emt 0:00:14]} Bxa8 {[%emt 0:00:03]} 12. Nxb5 {[%emt 0:00:27]} Bd5 {[%emt 0:06:10]} 13. Nc3 {[%emt 0:05:08]} Bb7 {[%emt 0:21:48]} 14. Qa4 {[%emt 0:01:21]} Nd5 {[%emt 0:02:21]} 15. Qxc4 {[%emt 0:02:12]} Ba6 {[%emt 0:00:09]} 16. Qa2 {[%emt 0:00:28]} Nb4 {[%emt 0:07:15]} 17. Qb1 {[%emt 0:05:17]} h6 {[%emt 0:05:19]} 18. Rd1 {[%emt 0:03:20]} c5 {[%emt 0:03:36]} 19. dxc5 {[%emt 0:06:28]} Qc8 {[%emt 0:00:08]} 20. Qe4 {[%emt 0:16:53]} Qxc5 {[%emt 0:02:27]} 21. Ne5 {[%emt 0:04:35]} Nd5 {[%emt 0:01:53]} 22. Nxd5 {[%emt 0:05:37]} exd5 {[%emt 0:00:16]} 23. Qxd5 {[%emt 0:01:18]} Bxe2 {[%emt 0:01:05]} 24. Re1 {[%emt 0:02:10]} Qc2 {[%emt 0:05:24]} 25. Be4 {[%emt 0:02:37]} Qc8 {[%emt 0:00:21]} 26. Nxf7 {[%emt 0:00:39]} 1-0

[Event "OEBRO 85th Anniversary GM 2021"]
[Site "Copenhagen"]
[Date "2021.10.23"]
[Round "8.3"]
[White "Brynell, Stellan"]
[Black "Stefansson, Vignir Vatnar"]
[Result "0-1"]
[WhiteElo "2431"]
[BlackElo "2399"]
[Annotator "TA"]
[PlyCount "92"]
[EventDate "2021.10.18"]
[EventType "swiss"]
[EventCountry "DEN"]
[SourceTitle "playchess.com"]
[Source "ChessBase"]
[SourceQuality "1"]

{[%evp 10,92,53,55,50,44,55,19,26,25,26,9,-7,-5,0,-8,27,22,6,0,0,-26,-54,-78,39,38,51,-70,-61,-65,-77,-63,-60,-145,-145,-155,-146,-126,-116,-220,-217,-191,-223,-214,-175,-392,-406,-436,-100,-100,-60,-33,0,-151,-43,-69,-45,-52,-37,-68,-63,-67,-60,-84,-70,-110,-89,-64,0,-67,-18,-238,-219,-202,-211,-209,-15,-15,-15,-37,-10,-30,-77,-762,-752]} 1. e4 d5 2. exd5 Qxd5 3. Nc3 Qd6 4. d4 Nf6 5. Nf3 c6 6. Ne5 Nbd7 {B01: Scandinavian Defence.} 7. f4 a6 {7...g6 is a critical line.} 8. Bc4 e6 $1 {[#] The position is equal.} 9. Be3 $146 ({Predecessor:} 9. O-O b5 10. Be2 Bb7 11. Bf3 Be7 12. Be3 O-O 13. Bf2 Qc7 14. Qd3 Rad8 15. Rad1 {0-1 (27) Johannsdottir,J (2019)-Banusz,T (2631) Reykjavik 2021}) 9... b5 10. Bb3 Be7 11. Qf3 Bb7 12. O-O-O Qc7 13. Qg3 g6 14. Qh3 Rf8 15. f5 gxf5 16. Bh6 Rg8 {[#]} (16... Nxe5 $17 17. dxe5 Qxe5) 17. Nxf7 $1 $14 Nd5 {[#]} (17... Nf8 18. Bxf8) 18. Ne5 (18. Rhf1 $1 $14 Kxf7 19. g4 (19. Nxd5 cxd5 20. g4 Nf6 $15)) 18... Nxe5 $15 19. dxe5 O-O-O 20. Nxd5 cxd5 21. Bf4 (21. a3 $15) 21... a5 $17 {[%cal Ba6a5,Ba5a4][%mdl 32]} 22. a3 Kb8 23. Kb1 Rc8 24. Rd2 (24. Rc1 $17) 24... a4 25. Ba2 Rg4 26. g3 b4 27. axb4 (27. Qxh7 {is a better defense.} bxa3 28. c3) 27... Bxb4 $19 28. c3 {[#]} Ba5 (28... d4 $1 $19 {[%cal Rd4c3] has better winning chances.} 29. Re1 dxc3) 29. Rc1 $17 a3 30. Qf1 $1 Qb6 31. Ka1 $2 {[#]} ({White should play} 31. b4 $11 Rxc3 {[%mdl 64] Decoy} 32. Rxc3 Qxb4+ {[%mdl 64] Double Attack} 33. Rb3 Rxf4 {[%mdl 64] Remove Defender} 34. gxf4 Qxd2 35. Qc1) 31... Ba6 ({Don't play} 31... axb2+ 32. Rxb2 Qa7 33. Qd3 $11) (31... Qc6 $1 $17 {Threatens to win with ...axb2+.} 32. Kb1 axb2 33. Rxb2 Bxc3) 32. Qf2 Qxf2 33. Rxf2 Bb6 34. Rd2 {[#]} Rxf4 $1 35. gxf4 Be3 $36 {[%mdl 2048] Black has the initiative.} 36. Rcd1 Bxf4 37. Rf2 axb2+ ({Weaker is} 37... Bxe5 38. Re1 $16) 38. Rxb2+ Ka7 (38... Kc7 $15 39. Re1 Rg8) 39. Re1 (39. Bxd5 $11 Rd8 {[%mdl 64] Pin} 40. Bf3 Rxd1+ 41. Bxd1) 39... Rxc3 40. Rg2 $2 (40. Bxd5 $1 $11 {and White stays safe.} exd5 41. e6) 40... Kb6 41. Bxd5 exd5 42. e6 {Black should prevent e7.} Rc8 $2 (42... Bb5 $19 {Strongly threatening ...Kc7.} 43. Rg8 Bd2) 43. e7 $1 $11 {[%cal Re7e8]} Re8 {aiming for ...Bd3.} (43... Bb5 $5 44. Re6+ $8 Kc7 45. Rc2+ Kd7 46. Rxc8 Kxe6 47. e8=Q+ Bxe8 48. Rxe8+ Kf6 $11) 44. Re6+ Kb5 {And now ...Bc8 would win.} 45. Rb2+ Kc5 {White must now prevent ...Bd3.} 46. Rc2+ $2 {[%mdl 8192]} (46. Rxa6 $17 Be5 47. Re6 Bxb2+ 48. Kxb2) 46... Bc4 {Weighted Error Value: White=0.43/Black=0.38} 0-1

[Event "OEBRO 85th Anniversary GM 2021"]
[Site "Copenhagen"]
[Date "2021.10.23"]
[Round "8.4"]
[White "Ramsdal, Jens Albert"]
[Black "Aczel, Gergely"]
[Result "1-0"]
[WhiteElo "2261"]
[BlackElo "2556"]
[Annotator "TA"]
[PlyCount "69"]
[EventDate "2021.10.18"]
[EventType "swiss"]
[EventCountry "DEN"]
[SourceTitle "playchess.com"]
[Source "ChessBase"]
[SourceQuality "1"]

{[%evp 16,69,8,1,6,1,21,23,18,26,23,33,25,-7,25,33,17,14,88,87,141,141,143,131,268,243,423,472,445,395,393,387,479,474,479,479,479,479,476,476,488,485,536,486,535,550,838,822,1110,1029,1103,1085,1107,1088,1026,1001]} 1. d4 Nf6 2. c4 e6 3. Nc3 Bb4 4. Qc2 O-O 5. Nf3 c5 6. dxc5 Na6 {[%cal Bb8a6,Ba6c5,Bc5e4][%mdl 32]} 7. g3 Nxc5 8. Bg2 Nce4 9. O-O Bxc3 {E39: Nimzo-Indian: Classical: 4...c5 5 dxc5 0-0.} 10. bxc3 Re8 {[#]} 11. Nd2 $146 ({Predecessor:} 11. Ng5 Nc5 12. Be3 Qe7 13. Bd4 e5 14. Bxc5 Qxc5 15. Bd5 Rf8 16. Ne4 Nxe4 17. Qxe4 {1-0 (63) Haugen,A (2407)-Tonisson,P (2406) ICCF email 2018}) 11... Nxd2 {White has an edge.} 12. Bxd2 h6 13. a4 {[%cal Ba2a4,Ba4a5][%mdl 32]} Qc7 14. Qb3 d6 15. a5 e5 16. Rfb1 {[#] Threatens to win with a6.} Re7 (16... a6 $11 {remains equal.}) 17. Qb4 $16 e4 (17... Bf5 $142) 18. Bf4 Ne8 19. Rd1 {[%cal Rd1d6] Hoping for Rxd6.} Bg4 {This move loses the game for Black.} (19... Qc6 $16 {is a better defense.}) 20. Rxd6 $18 Qc8 $2 {[#]} ({Avoid the trap} 20... Nxd6 $2 21. Bxd6 Qd7 22. Bxe7 $18) (20... Rc8 21. Rg6 Qxc4 22. Qxe7 (22. Rxg4 Qxb4 23. cxb4 f5 $16) 22... fxg6 23. Bxe4 Kh7 24. Bxb7 Qxc3) 21. Rd4 Re6 22. Bxe4 Rxe4 23. Rxe4 Nf6 24. Re7 {White is clearly winning.} Bd7 25. f3 a6 26. Be5 Nh7 27. h4 Bc6 28. c5 Nf8 {and the idea ...Ng6 leaves Black hopeful.} 29. Qf4 Bd5 30. Qd4 Qc6 31. c4 Rd8 32. cxd5 Rxd5 33. Qe3 Ng6 34. Bd6 Nxe7 35. Qxe7 {Weighted Error Value: White=0.06/Black=0.38} 1-0